Science Quiz

Random Science or Animal Quiz

Baby Beasts III Quiz Stats

 Plays Quiz Updated Dec 15, 2017

Also try: Baby Beasts II
Challenge
Share
Tweet
Score 0/16 Timer 04:00
3 Plays Today
% Correct
Panda
95.5%
Giraffe
95.2%
Barn Owl
95.2%
Donkey
94.8%
Turtle
94.3%
Rhinoceros
93.1%
Goat
91.3%
Seal
89.2%
% Correct
Platypus
88.4%
Swan
86.6%
Beaver
85.8%
Hyena
85.2%
Alligator
83.6%
Alpaca
78.9%
Ferret
67.8%
Sugar Glider
44%

You're not logged in!

Compare scores with friends on all Sporcle quizzes.
Join for Free
OR
Log In

You Might Also Like...

Show Comments

Extras

Top Quizzes Today


Score Distribution

Your Account Isn't Verified!

In order to create a playlist on Sporcle, you need to verify the email address you used during registration. Go to your Sporcle Settings to finish the process.

Report this User

Report this user for behavior that violates our Community Guidelines.

Details: